000 01185nam0a22002531 4500
001 rc\3243958
005 20250609170547.0
035 _a(NLR Aleph) 007377187
090 _a6468956
_c6468956
100 _a20130115d1974 |||y0rusy50 ca
101 0 _arus
102 _aRU
105 _ay z |||||
200 1 _aВопросы военной администрации
_eСоц. законность, сов. законодательство о воен. службе и ответственности военнослужащих применительно к воен.-строит. частям
_e[Учеб. пособие]
_fЛенингр. высш. воен. инж. строит. училище им. ген. армии А.Н. Комаровского
210 _aЛенинград
_cБ. и.
_d1974
215 _a105 с.
_d19
300 _aПеред загл. авт.: канд. юрид. наук Ф.А. Хоменок, И.М. Френклах
700 1 _aХоменок
_bФ.А.
_gФилипп Андреевич
701 1 _aФренклах
_bИ.М.
801 0 _aRU
_bNLR
_gpsbo
801 1 _aRU
_bELAR
_2rusmarc
852 _aNLR
_j74-50к/1088
942 _cBOOK
980 _aNB